| 000 | 01322cam a2200373 i 4500 | ||
|---|---|---|---|
| 999 |
_c64799 _d64799 |
||
| 001 | 768714001 | ||
| 003 | CO-MdFUSB | ||
| 005 | 20190206112737.0 | ||
| 008 | 050512t 2004ck ado r 001 0 spa d | ||
| 020 | _a9588249023 | ||
| 040 |
_aCO-BoPUV _bspa _cCO-MdFUSB _dCO-MdFUSBC _erda |
||
| 041 | 1 |
_aspa _heng |
|
| 043 | _as-ck-ab | ||
| 082 | 0 | 4 |
_a986.106 _222 _bL847r |
| 100 | 1 | _aLondoño Vega, Patricia | |
| 245 | 1 | 0 |
_aReligión, cultura y sociedad en Colombia _bMedellín y Antioquia, 1850-1930 _cPatricia Londoño Vega ; traducción Carlos José Restrepo |
| 250 | _a1a ed. | ||
| 264 | 1 |
_aBogotá _bFondo de Cultura Económica, _c[2004] |
|
| 264 | 4 | _c©2004 | |
| 300 |
_axii, 449 páginas. : _biIustraciones, cuadros, fotos y tablas _c24 cm. |
||
| 336 |
_2rdacontent _atexto _btxt |
||
| 337 |
_2rdamedia _asin mediación _bn |
||
| 338 |
_2rdacarrier _avolumen _bnc |
||
| 440 | 0 | _pSerie continente americano | |
| 534 | _tReligion, culture and society in Colombia: Medellíin and Antioquia 1850-1930. | ||
| 563 | _aRústico | ||
| 650 | 2 | 0 |
_aIglesia y Estado _zAntioquia (Colombia) 1850-1930 _y1850-1930 _91483 |
| 650 | 2 | 7 |
_aReligión y cultura _zAntioquia (Colombia) _y1850-1930 _9388 |
| 700 | 1 |
_aRestrepo López, Carlos José _d1953- |
|
| 942 | _cBK | ||